[Event "Doeberl Cup 43rd"]
[Site "Canberra"]
[Date "2005.03.25"]
[Round "1"]
[White "Phan Koshnitsky, Ngan"]
[Black "Szuveges, Narelle"]
[Result "1-0"]
[WhiteElo "2216"]
[BlackElo "1765"]
[PlyCount "101"]
[EventDate "2005.03.25"]
[EventType "swiss"]
[EventRounds "7"]
[EventCountry "AUS"]
[SourceTitle "CBM 105 Extra"]
[Source "ChessBase"]
[SourceDate "2005.05.01"]
[SourceVersion "1"]
[SourceVersionDate "2005.05.01"]
[SourceQuality "1"]

1. d4 g6 2. c4 Bg7 3. Nc3 c5 4. d5 Bxc3+ 5. bxc3 f5 6. Qc2 Nf6 7. Nf3 0-0 8. Bg5 Ne4 9. h4 h5 10. Bh6 Re8 11. Nd2 Kh7 12. Nxe4 Kxh6 13. Qd2+ Kg7 14. Nxc5 Qc7 15. Qd4+ Kg8 16. Nb3 e5 17. Qd3 b6 18. e4 d6 19. Be2 Na6 20. Qg3 Kh7 21. exf5 Bxf5 22. Qe3 Qe7 23. Kd2 Nc5 24. f3 e4 25. f4 Rg8 26. Nd4 Qf6 27. Raf1 Rg7 28. g4 Bxg4 29. Bxg4 hxg4 30. Rfg1 Rh8 31. Rxg4 Kg8 32. Qg3 Rh5 33. Rg1 e3+ 34. Kc2 Rhh7 35. Rxg6 Rxg6 36. Qxg6+ Qxg6+ 37. Rxg6+ Kf7 38. Rg4 Kf6 39. Kd1 Re7 40. Ke2 Na4 41. Ne6 Nxc3+ 42. Kxe3 Nxa2 43. Rg8 Nc3 44. Rf8+ Kg6 45. f5+ Kh7 46. f6 Rb7 47. h5 a5 48. Re8 a4 49. Re7+ Kh6 50. Rxb7 a3 51. f7 1-0

[Event "Oceania zt (Women)"]
[Site "Auckland"]
[Date "2005.02.03"]
[Round "7"]
[White "Oliver, Shannon"]
[Black "Szuveges, Narelle"]
[Result "1/2-1/2"]
[WhiteElo "1963"]
[BlackElo "1901"]
[PlyCount "91"]
[EventDate "2005.05.31"]
[EventType "swiss"]
[EventRounds "9"]
[EventCountry "NZL"]
[SourceTitle "EXT 2007"]
[Source "ChessBase"]
[SourceDate "2006.11.23"]
[SourceVersion "1"]
[SourceVersionDate "2006.11.23"]
[SourceQuality "1"]

1. e4 d5 2. exd5 Qxd5 3. Nc3 Qa5 4. d4 Nf6 5. Nf3 Bg4 6. h3 Bh5 7. Bc4 Ne4 8. Bd2 Nxd2 9. Kxd2 Nd7 10. Qe2 0-0-0 11. Rad1 Bxf3 12. gxf3 e6 13. Kc1 Bb4 14. Ne4 Nb6 15. Bb3 h6 16. f4 Qf5 17. Qe3 Nd5 18. Bxd5 Qxd5 19. Kb1 Rhe8 20. c3 Bf8 21. Ng3 g6 22. Qe5 Qd7 23. Ne4 Qa4 24. Qf6 Rd7 25. Qh8 Red8 26. Nf6 Rd6 27. Qh7 Ra6 28. Qxf7 Qxa2+ 29. Kc2 Qa4+ 30. Kd3 Qb5+ 31. Kc2 Qf5+ 32. Rd3 Qxf4 33. Qxg6 Qxf2+ 34. Rd2 Qf3 35. Rdh2 Bd6 36. Rg2 Bf4 37. Qe4 Qxe4+ 38. Nxe4 e5 39. dxe5 Bxe5 40. Rf1 Ra4 41. Rd2 Bd6 42. Rf7 Ra6 43. Rg2 Be5 44. Re7 Bd6 45. Reg7 Be5 46. Re7 1/2-1/2

[Event "Oceania zt (Women)"]
[Site "Auckland"]
[Date "2005.01.31"]
[Round "3"]
[White "Fairley, Natasha"]
[Black "Szuveges, Narelle"]
[Result "0-1"]
[WhiteElo "1753"]
[BlackElo "1901"]
[PlyCount "73"]
[EventDate "2005.05.31"]
[EventType "swiss"]
[EventRounds "9"]
[EventCountry "NZL"]
[SourceTitle "EXT 2007"]
[Source "ChessBase"]
[SourceDate "2006.11.23"]
[SourceVersion "1"]
[SourceVersionDate "2006.11.23"]
[SourceQuality "1"]

1. e4 e5 2. Nf3 Nf6 3. Nc3 Nc6 4. Bb5 Bb4 5. d3 d6 6. Bg5 Bxc3+ 7. bxc3 h6 8. Bh4 Qe7 9. h3 Bd7 10. 0-0 a6 11. Ba4 0-0-0 12. Re1 Rhg8 13. Bxc6 Bxc6 14. Nh2 g5 15. Bg3 h5 16. f3 Bd7 17. Rf1 g4 18. h4 gxf3 19. Qxf3 Rg6 20. Be1 Rdg8 21. g3 Bc6 22. c4 Nxe4 23. dxe4 Qxh4 24. g4 Rxg4+ 25. Kh1 Bxe4 26. Bxh4 Rxh4 27. Qxe4 Rxe4 28. Rxf7 Rxc4 29. Rc1 Kd8 30. Rh7 h4 31. Nf3 Kc8 32. Nxh4 b5 33. Nf5 Rf8 34. Ne3 Rc3 35. Nd5 Rc5 36. Ne3 Rf3 37. Ng4 0-1

[Event "Adelaide University op"]
[Site "Adelaide"]
[Date "2004.07.11"]
[Round "5"]
[White "Thiyagarajah, Prakash"]
[Black "Szuveges, Narelle"]
[Result "0-1"]
[WhiteElo "1561"]
[BlackElo "1787"]
[PlyCount "71"]
[EventDate "2004.07.10"]
[EventType "swiss"]
[EventRounds "7"]
[EventCountry "AUS"]
[SourceTitle "EXT 2006"]
[Source "ChessBase"]
[SourceDate "2005.11.24"]
[SourceVersion "1"]
[SourceVersionDate "2005.11.24"]
[SourceQuality "1"]

1. c4 c5 2. Nc3 Nc6 3. g3 g6 4. Bg2 Bg7 5. e4 e6 6. Nge2 Nge7 7. d3 0-0 8. 0-0 a6 9. Be3 Nd4 10. Qd2 Rb8 11. Bh6 Nec6 12. Bxg7 Kxg7 13. f4 d6 14. Nxd4 Nxd4 15. e5 f5 16. exf6+ Qxf6 17. Ne4 Qe7 18. b4 b6 19. Rab1 Bb7 20. Rfe1 Bxe4 21. Bxe4 e5 22. bxc5 bxc5 23. Rxb8 Rxb8 24. fxe5 Qxe5 25. Kh1 Qf6 26. Qa5 Rb2 27. Qc7+ Kh6 28. Qd7 Ne6 29. Rg1 Qf2 30. Bg2 Ng5 31. Qg4 Qf5 32. Qh4+ Kg7 33. Rf1 Qe5 34. g4 Rxa2 35. Re1 Re2 36. Rb1 0-1